| 000 | 01278nam a2200337 a 4500 | ||
|---|---|---|---|
| 001 | ebr10468467 | ||
| 003 | CaPaEBR | ||
| 006 | m u | ||
| 007 | cr cn||||||||| | ||
| 008 | 840404s1984 ctu s 000 0 eng d | ||
| 010 | _z 84007322 //r89 | ||
| 020 | _z0819551309 (alk. paper) | ||
| 020 | _z9780819551306 | ||
| 020 | _z0819561568 (pbk. : alk. paper) | ||
| 020 | _z9780819571991 (e-book) | ||
| 040 |
_aCaPaEBR _cCaPaEBR |
||
| 035 | _a(OCoLC)48137964 | ||
| 043 | _aa-cc--- | ||
| 050 | 1 | 4 |
_aPL2277.D54 _bE525eb |
| 082 | 0 | 4 |
_a895.1/09/005 _219 |
| 100 | 1 | _aDillard, Annie. | |
| 245 | 1 | 0 |
_aEncounters with Chinese writers _h[electronic resource] / _cAnnie Dillard. |
| 250 | _a1st ed. | ||
| 260 |
_aMiddletown, Conn. : _bWesleyan University Press ; _aScranton, Pa. : _bDistributed by Harper & Row, _cc1984. |
||
| 300 | _a106 p. | ||
| 533 |
_aElectronic reproduction. _bPalo Alto, Calif. : _cebrary, _d2013. _nAvailable via World Wide Web. _nAccess may be limited to ebrary affiliated libraries. |
||
| 650 | 0 |
_aAuthors, Chinese _y20th century _vAnecdotes. |
|
| 655 | 7 |
_aElectronic books. _2local |
|
| 710 | 2 | _aebrary, Inc. | |
| 856 | 4 | 0 |
_uhttp://site.ebrary.com/lib/rucke/Doc?id=10468467 _zAn electronic book accessible through the World Wide Web; click to view |
| 999 |
_c131075 _d131075 |
||